| 000 | 00881amm a2200277 4500 | ||
|---|---|---|---|
| 007 | cr |||||||| | ||
| 008 | 240213t2022 o | cat d | ||
| 041 | _acat | ||
| 041 | _beng | ||
| 041 | _bspa | ||
| 245 |
_aVocabulari multilingüe de proteòmica _h[en línia] _cCoordinació: Laia Vidal Sabanés |
||
| 260 |
_aBarcelona _bUniversitat Pompeu Fabra. Institut Universitari de Lingüística Aplicada _c2022 |
||
| 490 |
_aMaterials; _v15 |
||
| 500 | _aCategoria gramatical, remissions, sinònims, arbre de camp | ||
| 520 | _a162 | ||
| 546 | _acatalà | ||
| 592 | _aObra terminològica | ||
| 593 | _aDAM | ||
| 650 | 0 |
_abiologia molecular _962055 |
|
| 650 | 0 |
_aproteòmica _975498 |
|
| 700 |
_974917 _aVidal Sabanés, Laia |
||
| 830 |
_aMaterials; _v15 _962416 |
||
| 856 | _uhttp://iula.upf.edu/rec/vbproteomica/index.html | ||
| 902 | _a080106 | ||
| 942 |
_cMO _n0 _2ddc |
||
| 999 |
_c68862 _d68862 |
||